Normal view
MARC view
Entry Personal Name
001 - CONTROL NUMBER
- control field: 50952
003 - CONTROL NUMBER IDENTIFIER
- control field: dpl
005 - DATE AND TIME OF LATEST TRANSACTION
- control field: 20120809120504.0
008 - FIXED-LENGTH DATA ELEMENTS
- fixed length control field: 120809|||a|||||| | ||| d
040 ## - CATALOGING SOURCE
- Original cataloging agency: dpl
- Transcribing agency: dpl
100 ## - HEADING--PERSONAL NAME
- Personal name: Zafar Ahmad Nizami
670 ## - SOURCE DATA FOUND
- Source citation: Work cat.: (dpl)55955: Zafar Ahmad Nizami, The role of Muslims in the Indian freedom struggle 1857-1947 /, 2011
670 ## - SOURCE DATA FOUND
- Source citation: Work cat.: (dpl)55955: Zafar Ahmad Nizami, The role of Muslims in the Indian freedom struggle 1857-1947 /, 2011
